00598nam a22002057a 450000500170000001000130001702000200003003500130005003700160006304000120007908200170009110000190010824500520012726000470017927000430022630000200026950000510028965000310034065000210037120170124110035.0 aA-409635 c00.0a818182361 aA-409635 bCen Lib/Ret aDPLbEN a301.154bBHA aBharathi, K.S. aThe philosophy of sarvodaya /cby K.S. Bharathi aNew DelhibIndus Publishing Company c1990 aFS-5, Tagore GardenbNew Delhie110027 a164p.c22cm(Hb) aIncludes bibliographical references and index. aPolitical and social views aHindu philosophy